LEADER 02691nam 2200565 a 450 001 9910465532103321 005 20200520144314.0 010 $a1-61324-202-6 035 $a(CKB)2560000000071307 035 $a(EBL)3019775 035 $a(SSID)ssj0000474244 035 $a(PQKBManifestationID)12160491 035 $a(PQKBTitleCode)TC0000474244 035 $a(PQKBWorkID)10454055 035 $a(PQKB)11771141 035 $a(MiAaPQ)EBC3019775 035 $a(Au-PeEL)EBL3019775 035 $a(CaPaEBR)ebr10671340 035 $a(OCoLC)923661910 035 $a(EXLCZ)992560000000071307 100 $a20090723d2010 uy 0 101 0 $aeng 135 $aur|n|---||||| 181 $ctxt 182 $cc 183 $acr 200 00$aViral gene expression regulation$b[electronic resource] /$fEli B. Galos, editor 210 $aNew York $cNova Biomedical Books$dc2010 215 $a1 online resource (341 p.) 225 1 $aGenetics--research and issues series 300 $aDescription based upon print version of record. 311 $a1-60741-224-1 320 $aIncludes bibliographical references and index. 327 $aViral gene expression and host cell immunity / Jia-Hai Lee, Fredric Abramson -- Retroviral gene expression regulation / Mari?a Rosa Lo?pez-Huertas, Mayte Coiras -- Modulation of cellular signaling and gene expression by vitamin E / Jean-Marc Zingg, Angelo Azzi -- Vitamin E activity in immune response : a possible immunoenhancing role in chronic viral infections / Sirio Fiorino ... [et al.] -- Regulation of geminivirus gene expression : potential applications in biotechnology / Kathleen L. Hefferon -- Gene expression regulation in the developing brain / Ching-Lin Tsai, Li-Hsueh Wang -- A bioinformatical approach to the analysis of viral and cellular internal ribosome entry sites / Martin Mokrejs ... [et al.] -- Analysis of gene family expression in African endemic- and AIDS-related Kaposi's sarcoma / Antoinette C. van der Kuyl ... [et al.] -- Diagnostic classification using gene expression profiling in AML / K. I. Mills, A. F. Gilkes -- Regulation of baculovirus-mediated gene expression / Wen-Hsin Lo, Yu-Chen Hu. 410 0$aGenetics--research and issues series. 606 $aViral genetics 606 $aGenetic regulation 608 $aElectronic books. 615 0$aViral genetics. 615 0$aGenetic regulation. 676 $a572.8/65 676 $a616.91042 701 $aGalos$b Eli B.$f1968-$0872801 801 0$bMiAaPQ 801 1$bMiAaPQ 801 2$bMiAaPQ 906 $aBOOK 912 $a9910465532103321 996 $aViral gene expression regulation$91948495 997 $aUNINA LEADER 03751nam 22006615 450 001 9910254808103321 005 20250311150751.0 010 $a9783319690292 010 $a3319690299 024 7 $a10.1007/978-3-319-69029-2 035 $a(CKB)4100000001040969 035 $a(DE-He213)978-3-319-69029-2 035 $a(MiAaPQ)EBC5144873 035 $a(Perlego)3497398 035 $a(EXLCZ)994100000001040969 100 $a20171112d2017 u| 0 101 0 $aeng 135 $aurnn|008mamaa 181 $ctxt$2rdacontent 182 $cc$2rdamedia 183 $acr$2rdacarrier 200 14$aThe Psychology of Buddhism in Conflict Studies /$fby Padmasiri de Silva 205 $a1st ed. 2017. 210 1$aCham :$cSpringer Nature Switzerland :$cImprint: Palgrave Macmillan,$d2017. 215 $a1 online resource (XIX, 90 p.) 225 1 $aPalgrave pivot 311 08$a9783319690285 311 08$a3319690280 320 $aIncludes bibliographical references and index. 327 $aPreface -- Chapter 1 Introduction -- Chapter 2 The Buddhist Critique of Metaphysical Entanglements -- Chapter 3 The Many Faceted Nature of a Crisis -- Chapter 4 The Psychological Dimensions of Conflict and Harmony -- Chapter 5 Criminal Justice through a Buddhist Contemplative Path -- Chapter 6 Exploring Multiculturalism -- Chapter 7 Dilemmas, Conflicts and Paradoxes in Management Studies -- Chapter 8 Erosion of Moral Values in an Era of Market Triumphalism -- Chapter 9 Conflict and Peace Studies -- Chapter 10 Idea of the Self: the Narrow Ridge between the paths of chaos and nihilism and the Traps of Identity Illusions -- Chapter 11 Dialectical Behaviour Therapy -- Chapter 12 Resolving Paradoxes in Tibetan Buddhism and Zen Buddhism -- Chapter 13 Emotions, Logic and Rationality. 330 $aThis book provides an interdisciplinary discussion of conflict studies, drawing on perspectives from psychology and Buddhist studies. The author combines current research in psychology, conflict and management studies, as well as moral narratives drawn from religious and cultural contexts, to offer useful guidance on dealing with conflict and dichotomies. Drawing on a vast corpus of Buddhist literature, this book examines complex teachings, ideas and doctrines to bring insight to how individuals and societies might lead peaceful and balanced lifestyles. In this ground-breaking study Padmasiri De Silva insists that the social studies need to develop dialectical methods and understanding in addition to the objective and analytical collection of facts. Chapters cover an array of subjects including economics, ecology, human wellbeing, prison reform, dialectical behaviour therapy, multiculturalism, and peace studies. 410 0$aPalgrave pivot. 606 $aPsychology and religion 606 $aPeace 606 $aBuddhism 606 $aEthnopsychology 606 $aPsychology, Comparative 606 $aPsychology of Religion and Spirituality 606 $aPeace and Conflict Studies 606 $aBuddhism 606 $aCross-Cultural Psychology 606 $aComparative Psychology 615 0$aPsychology and religion. 615 0$aPeace. 615 0$aBuddhism. 615 0$aEthnopsychology. 615 0$aPsychology, Comparative. 615 14$aPsychology of Religion and Spirituality. 615 24$aPeace and Conflict Studies. 615 24$aBuddhism. 615 24$aCross-Cultural Psychology. 615 24$aComparative Psychology. 676 $a201.615 700 $ade Silva$b Padmasiri$4aut$4http://id.loc.gov/vocabulary/relators/aut$0766455 906 $aBOOK 912 $a9910254808103321 996 $aPsychology of Buddhism in Conflict Studies$91571067 997 $aUNINA